| 000 | 00398cam a2200157ua 4500 | ||
|---|---|---|---|
| 020 | _a0-8493-6347-0 | ||
| 041 |
_aeng _h |
||
| 082 |
_a630 _bGOS/AL |
||
| 100 | _aGoswami, Yogi D . | ||
| 245 | 0 | 0 |
_aAlternative energy in agriculture, Vol 1 / _cYogi D Goswami. _hTextual Documents |
| 260 |
_aFlorida : _bCRC Press Inc. , _c2000. |
||
| 300 | _a ; . | ||
| 504 | _a | ||
| 942 | _cBK | ||
| 999 |
_c404 _d404 |
||